[Event "Hafnarfjordur"]
[Site "Hafnarfjordur"]
[Date "1997.??.??"]
[Round "1"]
[White "Bjarnason, Saevar"]
[Black "Gunnarsson, Jon Viktor"]
[Result "1/2-1/2"]
[WhiteElo "2265"]
[BlackElo "2315"]

1.Nf3 d5 2.g3 Nf6 3.Bg2 c6 4.O-O Bg4 5.d3 Nbd7 6.Nbd2 e5 7.h3 Bh5 8.e4 Bd6
9.c3 O-O 10.g4 Bg6 11.Nh4 h6 12.Nf5 Nc5 13.Qe2 Bc7 14.Rd1 Qd7 15.Nf1 Rad8
16.Be3 Ne6 17.N1g3 Rfe8 18.Qf3 Nf4 19.Bf1 Kh7 20.Rd2 Ba5 21.Rc2 Bc7 22.Re1 Qe6
23.b3 a6 24.Rd1 Rd7 25.Rcd2 Red8 26.Nh4 Ba5 27.b4 Bc7 28.Nxg6 fxg6 29.Bxf4 exf4
30.exd5 Qxd5 31.Qxd5 Rxd5 32.Ne2 Ne4 33.Rc2 Rxd3 34.Rxd3 Rxd3 35.Nxf4 Rxc3
36.Rxc3 Nxc3 37.Ne6 Bd6 38.a3 Nb1 39.Nd8 b5 40.Nxc6 Nxa3 41.Bd3 Nc4 42.h4 Nb6
43.h5 Kg8 44.Bxg6 Nd5 45.Bf5 Nxb4 46.Nxb4 Bxb4 47.Bc8 a5 48.Bd7 Kf7 49.Bxb5 Ke6
50.Kf1 Kd5 51.Ke2 Kc5 52.Be8 Kd4  1/2-1/2

[Event "Wichern op"]
[Site "Hamburg"]
[Date "1997.??.??"]
[Round "1"]
[White "Chuchelov, Vladimir"]
[Black "Jacoby, Florian"]
[Result "1-0"]
[WhiteElo "2540"]
[BlackElo "2215"]

1.Nf3 d5 2.g3 c6 3.Bg2 Bg4 4.b3 Nd7 5.Bb2 Ngf6 6.O-O Qc7 7.c4 dxc4 8.bxc4 e5
9.d3 Bd6 10.Nbd2 O-O 11.h3 Bh5 12.Qc2 Rfe8 13.Rfe1 Rad8 14.Bc3 Nc5 15.Nh4 Nfd7
16.e3 f6 17.d4 Ne6 18.c5 Bf8 19.Nc4 exd4 20.exd4 b6 21.cxb6 Nxb6 22.Na5 Nxd4
23.Bxd4 Rxd4 24.Be4 g5 25.Nf5 Rexe4 26.Rxe4 Rd5 27.Nxc6 Rc5 28.Qb3+ Kh8 29.Nfe7 Rc3
30.Qg8+  1-0

[Event "Wichern op"]
[Site "Hamburg"]
[Date "1997.??.??"]
[Round "3"]
[White "Boog, Frithjof"]
[Black "McDonald, Neil R"]
[Result "0-1"]
[WhiteElo "2160"]
[BlackElo "2490"]

1.Nf3 d5 2.g3 c6 3.Bg2 Bg4 4.d4 Nd7 5.Nbd2 Ngf6 6.O-O e6 7.b3 Bd6 8.Bb2 Qc7
9.c4 O-O 10.Re1 Rfe8 11.e4 dxe4 12.Nxe4 Be7 13.Qc2 Nxe4 14.Qxe4 Bf5 15.Qe2 Rad8
16.Rad1 Qa5 17.a3 Qb6 18.b4 a5 19.c5 Qc7 20.Bc1 axb4 21.axb4 Nf6 22.Bf4 Qc8
23.Ne5 Nd5 24.Bxd5 exd5 25.Qh5 Be6 26.f3 Bf6 27.g4 g6 28.Qh3 Bg7 29.Bh6 Bh8
30.Qg3 Qc7 31.f4 f6 32.Nd3 f5 33.Ne5 fxg4 34.Re3 Bf5 35.Ra1 Ra8 36.Rea3 Rxa3
37.Rxa3 Bf6 38.Ra7 Qc8 39.Qa3 Bc2 40.Qg3 Qf5 41.Qe3 Ba4 42.Rxb7 Bb5 43.Kg2 Ra8  0-1

[Event "Wichern op"]
[Site "Hamburg"]
[Date "1997.??.??"]
[Round "3"]
[White "Gutman, Lev"]
[Black "Putzbach, Gerd"]
[Result "1-0"]
[WhiteElo "2475"]
[BlackElo "2250"]

1.Nf3 d5 2.g3 g6 3.Bg2 Bg7 4.O-O e5 5.c4 dxc4 6.Na3 Nc6 7.Nxc4 Nge7 8.d3 O-O
9.Bd2 Be6 10.Qc1 Nf5 11.Ng5 Nfd4 12.Re1 Bg4 13.Bf1 h6 14.Ne4 f5 15.Nc3 g5
16.b4 e4 17.dxe4 fxe4 18.Ne3 Bxe2 19.Bxe2 Nxe2+ 20.Rxe2 Qd3 21.Ned5 Rad8
22.Re3 Qd4 23.Be1 Rxd5 24.Rxe4 Qd3 25.Re3 Qf5 26.Nxd5 Qxd5 27.Qd1 Nd4 28.Rc1 c6
29.Qd3 Nf3+ 30.Kh1 Nd4+ 31.Qe4 Qxa2 32.Rd1 Qc4 33.Kg2 b6 34.Bc3 c5 35.bxc5 bxc5
36.Bxd4 Bxd4 37.Qg6+ Bg7 38.Rd7 Rxf2+ 39.Kxf2  1-0

[Event "Wichern op"]
[Site "Hamburg"]
[Date "1997.??.??"]
[Round "5"]
[White "Hennig, Dirk"]
[Black "Nogly, Christoph"]
[Result "1-0"]
[WhiteElo "2435"]
[BlackElo "2220"]

1.Nf3 d5 2.g3 Nc6 3.d4 g6 4.Bg2 Bg7 5.c3 Nf6 6.O-O O-O 7.Na3 Re8 8.Ne5 Nxe5
9.dxe5 Ng4 10.f4 c6 11.h3 Nh6 12.c4 e6 13.g4 f6 14.exf6 Qxf6 15.g5  1-0

[Event "Wichern op"]
[Site "Hamburg"]
[Date "1997.??.??"]
[Round "7"]
[White "Hein, Andreas"]
[Black "Loeber, Wolfgang"]
[Result "1/2-1/2"]
[WhiteElo "2310"]
[BlackElo "2150"]

1.Nf3 d5 2.g3 c5 3.Bg2 Nf6 4.O-O Nc6 5.d3 Bg4 6.h3 Bh5 7.Nbd2 e6 8.e4 Be7
9.c3 Rc8 10.a3 O-O 11.g4 dxe4 12.dxe4 Bg6 13.Qe2 Qc7 14.Ne1 e5 15.a4 Na5
16.Nc4 Nb3 17.Rb1 Nd5 18.Nd3 Nxc1 19.Rbxc1 Nf4 20.Nxf4 exf4 21.Rcd1 f6 22.Rd2 Be8
23.b3 b5 24.axb5 Bxb5 25.Rfd1 Rcd8  1/2-1/2

[Event "Wichern op"]
[Site "Hamburg"]
[Date "1997.??.??"]
[Round "9"]
[White "Mowsziszian, Karen"]
[Black "Fridman, Daniel"]
[Result "0-1"]
[WhiteElo "2485"]
[BlackElo "2480"]

1.Nf3 d5 2.g3 Nf6 3.Bg2 g6 4.d3 Bg7 5.O-O O-O 6.Nbd2 c5 7.e4 Nc6 8.c3 e5
9.Qb3 dxe4 10.dxe4 Qe7 11.Qc2 b6 12.Re1 Ba6 13.Nf1 h6 14.Qa4 Bb7 15.Ne3 Rfd8
16.Nh4 Qe6 17.Qc2 Na5 18.b3 Rd7 19.f3 Ba6 20.c4 Nc6 21.Nd5 Nd4 22.Qd1 b5
23.Bf1 bxc4 24.bxc4 Rb8 25.Ba3 Qc6 26.Ng2 Nh7 27.Nge3 Bc8 28.Bg2 Ne6 29.Rc1 h5
30.Rc3 Rdb7 31.Rd3 Nd4 32.f4 Nf6 33.h3 Nxd5 34.Nxd5 Be6 35.f5 Bxd5 36.exd5 Qd6
37.fxg6 Qxg6 38.Qd2 Rb1 39.Rxb1 Rxb1+ 40.Kh2 Bh6 41.Qc3 h4 42.d6 Qxd6 43.Qa5 Qg6
44.Qd8+ Kg7 45.Bxc5 Qxd3 46.Bf8+ Kh7 47.Qxh4 Nf5  0-1

[Event "Hanham op"]
[Site "Hanham"]
[Date "1997.??.??"]
[Round "4"]
[White "Lamb, Harry"]
[Black "Churm, Rohan"]
[Result "0-1"]
[WhiteElo "2225"]
[BlackElo "2090"]

1.Nf3 d5 2.g3 Nf6 3.Bg2 Nc6 4.b3 e5 5.d3 Bd6 6.Bb2 O-O 7.Nbd2 h6 8.c4 Be6
9.O-O Qd7 10.cxd5 Nxd5 11.Nc4 f6 12.e4 Nde7 13.Nxd6 Qxd6 14.d4 exd4 15.Nxd4 Nxd4
16.Qxd4 Qxd4 17.Bxd4 Rac8 18.Bc5 Rfe8 19.f4 b6 20.Be3 c5 21.Rfd1 Red8 22.Bf1 Nc6
23.Rac1 Nb4 24.a3 Na2 25.Bc4 Bxc4 26.Rxd8+ Rxd8 27.Rxc4 Rd3 28.Rc2 Rxe3 29.Rxa2 Rxb3
30.Kf2 Kf7 31.a4 Ke7 32.a5 b5 33.a6 Rb4 34.Ke3 Ra4 35.Rc2 c4 36.Rb2 b4 37.Rb1 Kd6
38.Rd1+ Kc5 39.Rd5+ Kc6 40.Rd4 Ra3+ 41.Ke2 Kb5 42.Rd7 Rxa6 43.Rxg7 b3 44.Kd2 Ra2+
45.Kc1 Kb4 46.e5 c3 47.Kd1 fxe5 48.fxe5 b2  0-1

[Event "SWE-ch"]
[Site "Haninge"]
[Date "1997.??.??"]
[Round "3"]
[White "Sandstrom, Ludvig"]
[Black "Astrom, Robert"]
[Result "1/2-1/2"]
[WhiteElo "2345"]
[BlackElo "2450"]

1.Nf3 d5 2.g3 c6 3.Bg2 Bg4 4.b3 Nd7 5.Bb2 Ngf6 6.d3 e6 7.Nbd2 Be7 8.O-O O-O
9.Qe1 Qc7 10.e4 dxe4 11.dxe4 e5 12.Nc4 Bxf3 13.Bxf3 Rfe8 14.Qa5 Qxa5 15.Nxa5 Rab8
16.Rad1 Bb4 17.Nc4 b5 18.Nd6 Re6 19.Nf5 g6 20.Nh6+ Kg7 21.Ng4 h5 22.Nxf6 Nxf6
23.Bg2 Bc5 24.Rd3  1/2-1/2

[Event "SWE-ch"]
[Site "Haninge"]
[Date "1997.??.??"]
[Round "13"]
[White "Sandstrom, Ludvig"]
[Black "Degerman, Lars"]
[Result "1/2-1/2"]
[WhiteElo "2345"]
[BlackElo "2480"]

1.Nf3 d5 2.g3 Nf6 3.Bg2 g6 4.O-O Bg7 5.d3 O-O 6.Nbd2 Nc6 7.e4 e5 8.Re1 Re8
9.c3 a5 10.a4 h6 11.exd5 Nxd5 12.Nc4 b6 13.Qb3 Bb7 14.Bd2 Rb8 15.Re2 Nde7
16.Ncxe5 Bxe5 17.Nxe5 Nxe5 18.Rxe5 Bxg2 19.Kxg2 Nf5 20.Rxe8+ Qxe8 21.Re1 Qc6+
22.Kg1 Re8 23.Rxe8+ Qxe8 24.Qd1 Qc6 25.Qg4 Qe6 26.Qe4 Qb3 27.Bf4 Nd6 28.Bxd6 cxd6
29.Qe8+ Kh7 30.Qb5 Qd1+ 31.Kg2 Qd2 32.b4 Qxc3 33.bxa5 bxa5 34.Qd5 Qc7 35.h4  1/2-1/2

[Event "Heart of Finland op"]
[Site "?"]
[Date "1997.??.??"]
[Round "7"]
[White "Seeman, Tarvo"]
[Black "Rytshagov, Mikhail"]
[Result "1/2-1/2"]
[WhiteElo "2355"]
[BlackElo "2485"]

1.Nf3 d5 2.g3 g6 3.Bg2 Bg7 4.O-O e5 5.d3 Ne7 6.e4 O-O 7.Nbd2 Nbc6 8.c3 b6
9.Re1 Bb7 10.b4 a5 11.b5 Na7 12.a4 c6 13.c4 dxe4 14.dxe4 Qc7 15.Bb2 Rad8
16.Qb3 c5 17.Nb1 Nac8 18.Nc3 Nd6 19.Rad1 Bc8 20.Nd5 Nxd5 21.exd5 f6 22.h4 Bg4
23.Ra1 Bxf3 24.Bxf3 Rde8 25.Kg2 f5 26.Be2 h5 27.Rad1 f4 28.Bc1 Bh6 29.f3 Qg7
30.Bd3 fxg3 31.Bb2 Qf6 32.Be4 Qxh4 33.Rh1 Qf6 34.Qd3 Kg7 35.Kxg3 Bf4+ 36.Kf2 h4
37.Ke2 Rh8 38.Rdg1 g5 39.Rh3 Kf7 40.Rg4 Rh6 41.Bc3 Ke7 42.Bb2 Kd7 43.Bc3 Kc7
44.Bb2 Rhh8 45.Bc3 Rhg8 46.Bb2 Rg7 47.Bc3 Rd8 48.Bb2 Rdd7 49.Rh1 Rde7 50.Bc3 Qf8
51.Bb2 Qc8 52.Bc3 Qd7 53.Kd1 Rgf7 54.Kc2 Rf6 55.Kb3 Nf7 56.Qe2 Nd6 57.Qg2 Re8
58.Re1 Qe7 59.Bd3 Rh8 60.Bg6 h3 61.Qc2 h2 62.Rh1 Rh6 63.Bd3 Rh3 64.Qg2 Rfh6
65.Bf5 R3h4 66.Be6 Ne8  1/2-1/2

[Event "Highgate Masters"]
[Site "Highgate"]
[Date "1997.??.??"]
[Round "3"]
[White "Campbell, Eoin"]
[Black "Harari, Zaki"]
[Result "0-1"]
[WhiteElo "2050"]
[BlackElo "2250"]

1.Nf3 d5 2.g3 c5 3.Bg2 Nc6 4.O-O g6 5.d3 Bg7 6.Nbd2 e6 7.e4 Nge7 8.exd5 Nxd5
9.Nb3 b6 10.c4 Nde7 11.d4 cxd4 12.Nfxd4 Bb7 13.Bg5 Qd7 14.Nb5 Rd8 15.Qxd7+ Rxd7
16.Rad1 f6 17.Rxd7 Kxd7 18.Rd1+ Kc8 19.Bf4 e5 20.Be3 Kb8 21.Kf1 Rd8 22.Rxd8+ Nxd8
23.Bxb7 Nxb7 24.a4 Nf5 25.Bd2 a6 26.Na3 Bf8 27.Nc2 a5 28.Ke2 Kc7 29.Ne3 Nxe3
30.Bxe3 Kc6 31.h4 Bb4 32.f3 f5 33.Bf2 Bc5 34.Be1 Bd4 35.Nxd4+ exd4 36.Kd3 Nc5+
37.Kxd4 Nxa4 38.b3 Nc5 39.b4 Nb7  0-1

[Event "BCF-ch"]
[Site "Hove"]
[Date "1997.??.??"]
[Round "8"]
[White "Ledger, David"]
[Black "Pein, Malcolm"]
[Result "0-1"]
[WhiteElo "2255"]
[BlackElo "2430"]

1.Nf3 d5 2.g3 Nc6 3.d4 Bg4 4.Bg2 Qd7 5.c4 dxc4 6.d5 Bxf3 7.Bxf3 Ne5 8.Bg2 e6
9.Qd4 Nc6 10.Qxc4 O-O-O 11.e4 exd5 12.exd5 Nf6 13.Nc3 Ne5 14.Qe2 Bc5 15.O-O Rhe8
16.Be3 Neg4 17.Bh3 h5 18.Qc4 Bxe3 19.fxe3 Rxe3 20.Qc5 Kb8 21.Rxf6 Rxc3 22.bxc3 gxf6
23.Re1 b6 24.Qc4 Qd6 25.Qb5 Ne5 26.Bg2 h4 27.a4 hxg3 28.h3 a5 29.Kh1 Rh8
30.Rb1 Ng4 31.Qxa5 Nf2+ 32.Kg1 Nxh3+ 33.Bxh3 Rxh3 34.Qb4 Qxd5 35.a5 Rh1+  0-1

[Event "HUN-chT2 9798"]
[Site "HUN"]
[Date "1997.??.??"]
[Round "?"]
[White "Apatoczky, Pal"]
[Black "Paszler, Jozsef"]
[Result "1-0"]
[WhiteElo "2190"]
[BlackElo "2280"]

1.Nf3 d5 2.g3 Nf6 3.Bg2 e6 4.d3 Be7 5.O-O O-O 6.Nbd2 Nbd7 7.e4 dxe4 8.dxe4 Bd6
9.Qe2 e5 10.Nh4 g6 11.Nc4 Be7 12.Rd1 Nh5 13.Nf3 f6 14.Bh6 Ng7 15.h4 Qe8 16.Ne3 Nb6
17.h5 g5 18.Nd2 Be6 19.Bf3 a6 20.Bg4 Bxg4 21.Qxg4 Rf7 22.Bxg7 Kxg7 23.Qe6 Qd7
24.Nf5+ Kf8 25.Qxd7 Nxd7 26.Nb3 Ke8 27.Kg2 b6 28.Rd2 Bc5 29.Rad1 a5 30.a4 Bf8
31.Kf3 Nc5 32.Nxc5 Bxc5 33.Kg4 Be7 34.Ne3 Rd8 35.Kf5 Rxd2 36.Rxd2 Bd8 37.Rd3 c6
38.Rd6 Rd7 39.Rxd7 Kxd7 40.Ng4 Kd6 41.Nxf6 Bxf6 42.Kxf6 h6 43.Kg6  1-0

[Event "HUN-chT 9798"]
[Site "Hungary"]
[Date "1997.??.??"]
[Round "?"]
[White "Almasi, Istvan"]
[Black "Krizsany, Laszlo"]
[Result "1-0"]
[WhiteElo "2415"]
[BlackElo "2435"]

1.Nf3 d5 2.g3 c6 3.Bg2 Bg4 4.O-O Nd7 5.d4 e6 6.Nbd2 f5 7.c4 Bd6 8.Re1 Ngf6
9.Qb3 Rb8 10.Ng5 Qe7 11.f3 Bh5 12.e4 fxe4 13.fxe4 dxc4 14.Nxc4 e5 15.Nxd6+ Qxd6
16.dxe5 Nxe5 17.Be3 b6 18.Ne6 Rg8 19.Rad1 Qe7 20.Bc5 Bxd1 21.Rxd1 bxc5 22.Qxb8+ Kf7
23.Qxe5 Qxe6 24.Qxc5 Re8 25.Qxa7+ Re7 26.Qd4 Rd7 27.Qa4 Rxd1+ 28.Qxd1 Qxa2
29.e5 Qa7+ 30.Kh1 Ng4 31.Qf1+ Ke6 32.Bxc6 Qd4 33.Qe2 Ne3 34.Bf3 Qxe5 35.h3 g5
36.Kh2 Kf6 37.b4 Qc3 38.b5 Qb3 39.Bg2 Ke5 40.Qf3 Kd4 41.Qe4+ Kc5 42.Qe5+ Kb6
43.Qf6+ Ka5 44.Qd8+ Ka4 45.b6  1-0

[Event "HUN-chT 9798"]
[Site "Hungary"]
[Date "1997.??.??"]
[Round "?"]
[White "Szilagyi, Peter"]
[Black "Tomcsanyi, Peter"]
[Result "1-0"]
[WhiteElo "2400"]
[BlackElo "2265"]

1.Nf3 d5 2.g3 Nf6 3.Bg2 c6 4.O-O Bf5 5.d3 e6 6.c4 Nbd7 7.Be3 Be7 8.Qb3 Qc8
9.Nc3 Nc5 10.Bxc5 Bxc5 11.Rac1 dxc4 12.Qxc4 Be7 13.Nd4 O-O 14.Nxf5 exf5 15.Bh3 Qe6
16.Qf4 g6 17.e4 Nh5 18.Qc7 Bg5 19.Rcd1 Qc8 20.Qa5 Qd8 21.Qa4 f4 22.e5 Qb6
23.d4 Qxb2 24.Ne4 Be7 25.Rb1 b5 26.Rxb2 bxa4 27.Rb7 Ba3 28.Bd7 Rfd8 29.Re1 a5
30.g4 Ng7 31.Bxc6 Ne6 32.d5 Nc5 33.Nxc5 Bxc5 34.Rb5  1-0

[Event "HUN-chT 9798"]
[Site "Hungary"]
[Date "1997.??.??"]
[Round "?"]
[White "Bilek, Istvan"]
[Black "Karolyi, Tibor Jr"]
[Result "1/2-1/2"]
[WhiteElo "2380"]
[BlackElo "2390"]

1.Nf3 d5 2.g3 c5 3.Bg2 Nc6 4.d4 e6 5.O-O Nf6 6.c4 dxc4 7.Qa4 Bd7 8.Qxc4 Rc8
9.dxc5 Qa5 10.Be3 Nd5  1/2-1/2

[Event "ISL-chT"]
[Site "Iceland"]
[Date "1997.??.??"]
[Round "?"]
[White "Agustsson, Johannes"]
[Black "Thorhallsson, Throstur"]
[Result "0-1"]
[WhiteElo "2315"]
[BlackElo "2500"]

1.Nf3 d5 2.g3 Nf6 3.Bg2 Bg4 4.c4 c6 5.Qb3 Qb6 6.d3 Nbd7 7.Be3 dxc4 8.dxc4 Qc7
9.Nbd2 e5 10.O-O Be7 11.Bg5 h6 12.Bxf6 Bxf6 13.Rac1 Be7 14.Qc3 a5 15.a3 a4
16.Rfe1 O-O 17.Nf1 f5 18.Ne3 Bc5 19.h3 Bh5 20.g4 fxg4 21.hxg4 Bxe3 22.Qxe3 Bxg4
23.Nd2 Nf6 24.c5 Be6 25.Bh3 Rae8 26.Bxe6+ Rxe6 27.Rc4 Nd5 28.Qe4 Rf4 29.Qg2 Qf7
30.Rxf4 Nxf4 31.Qf3 e4 32.Nxe4 Qf5 33.Nd2 Rg6+ 34.Kh1 Rg4 35.Nf1 Rh4+ 36.Kg1 Nh3+
37.Kg2 Rf4 38.Ng3 Qe6 39.Qh5 Rxf2+ 40.Kh1 Ng5 41.Rd1 Ne4 42.Qh4 Nxg3+ 43.Qxg3 Qxe2  0-1

[Event "ISR-chT"]
[Site "Israel"]
[Date "1997.??.??"]
[Round "5"]
[White "Kogan, Artur"]
[Black "Porper, Eduard"]
[Result "1-0"]
[WhiteElo "2515"]
[BlackElo "2435"]

1.Nf3 d5 2.g3 Bg4 3.b3 Nd7 4.Bb2 a5 5.Bg2 e6 6.O-O Ngf6 7.a3 a4 8.b4 c5 9.c4 d4
10.h3 Bxf3 11.Bxf3 Qb6 12.e3 Be7 13.exd4 cxd4 14.d3 O-O 15.Qe2 e5 16.c5 Qb5
17.Nd2 Bxc5 18.bxc5 Qxb2 19.Rfb1 Qc3 20.Rc1 Qb2 21.Rab1 Qxa3 22.Bxb7 Rab8
23.c6 Nc5 24.Qxe5 Nxb7 25.Nc4 Qxd3 26.cxb7 Rfe8 27.Qc7 Nd5 28.Qd7 Nf6 29.Qc7 Nd5
30.Qd7 Nf6 31.Qxa4 Qe2 32.Nd6 Red8 33.Rc8 Qe7 34.Rxb8 Rxb8 35.Rc1 Rd8 36.Rc8  1-0

[Event "Jyvaskyla We JyS"]
[Site "Jyvaskyla"]
[Date "1997.??.??"]
[Round "1"]
[White "Seeman, Tarvo"]
[Black "Kilpi, Teemu"]
[Result "1-0"]
[WhiteElo "2355"]
[BlackElo "2170"]

1.Nf3 d5 2.g3 c5 3.Bg2 Nc6 4.O-O Nf6 5.d3 e6 6.Nbd2 Be7 7.e4 O-O 8.Re1 b5
9.e5 Nd7 10.Nf1 a5 11.h4 b4 12.Bf4 Qb6 13.Ne3 Nd4 14.Ng5 h6 15.Nh3 Ba6 16.Qg4 Kh7
17.c3 f5 18.exf6 Nxf6 19.Qd1 Nc6 20.Ng5+ hxg5 21.hxg5 g6 22.gxf6 Bxf6 23.Qg4 Rae8
24.Nxd5  1-0

[Event "Kastel Stari op"]
[Site "Kastel Stari"]
[Date "1997.??.??"]
[Round "9"]
[White "Romanishin, Oleg M"]
[Black "Tukmakov, Vladimir B"]
[Result "1-0"]
[WhiteElo "2555"]
[BlackElo "2585"]

1.Nf3 d5 2.g3 c6 3.Bg2 Nf6 4.O-O Bg4 5.Ne5 Bh5 6.d4 e6 7.c4 Be7 8.Nc3 Nbd7
9.Qb3 Qb6 10.Nxd7 Nxd7 11.e4 dxe4 12.Nxe4 O-O 13.Be3 Rfd8 14.Qc3 Qc7 15.Bf4 Qc8
16.Rfe1 Nf6 17.Nc5 Nd7 18.Ne4 Nf6 19.Nxf6+ Bxf6 20.Be5 Bxe5 21.Rxe5 Bg6 22.Rae1 h6
23.h4 Qd7 24.d5 cxd5 25.cxd5 exd5 26.Rxd5 Qa4 27.Ra5 Qd7 28.h5 Rac8 29.Qb4 Bc2
30.Rxa7 Qf5 31.Ra5 Qf6 32.Rb5 Rd4 33.Qa5 Ra4 34.Qb6 Rxa2 35.Qxf6 gxf6 36.Rxb7 Rd8
37.Bf3 Bf5 38.Re2 Be6 39.Kg2 Rd4 40.Rb6 Kg7 41.Rb7 Bc4 42.Rc2 Be6 43.Rc6 Bd7
44.Rcc7 Be6 45.Rb6 Kf8 46.Rb8+ Kg7 47.Re8 Rd6 48.Rxe6 Rxe6 49.Bd5 Raa6 50.Bxe6 Rxe6
51.b4 Re4 52.b5 Re5 53.b6 Rxh5 54.b7 Rb5 55.Kf3 f5 56.Ke3 Kf6 57.Kd4 f4 58.Kc4 Rb2
59.Kc5 fxg3 60.fxg3 Kg5 61.Rxf7 h5 62.Rd7  1-0

[Event "Kastel Stari op"]
[Site "Kastel Stari"]
[Date "1997.??.??"]
[Round "9"]
[White "Bistric, Faruk"]
[Black "Dizdarevic, Emir"]
[Result "0-1"]
[WhiteElo "2425"]
[BlackElo "2540"]

1.Nf3 d5 2.g3 g6 3.Bg2 Bg7 4.O-O c6 5.d3 e5 6.Nbd2 Ne7 7.c4 O-O 8.cxd5 cxd5
9.e4 Nbc6 10.Re1 d4 11.a4 Rb8 12.Nc4 b6 13.Bg5 f6 14.Bd2 Na5 15.b3 Be6 16.Rb1 Rf7
17.Qc1 Nec6 18.Bh6 Nb4 19.Bf1 Na2 20.Qd2 Nc3 21.Rb2 b5 22.Nxa5 Qxa5 23.Bxg7 Kxg7
24.Ra1 bxa4 25.bxa4 Rfb7 26.Rxb7+ Rxb7 27.Ne1 Qb4 28.f4 Qb2 29.Qxb2 Rxb2
30.fxe5 fxe5 31.Nf3 Kf6 32.Ne1 a5 33.h4 h6 34.Nf3 Ra2 35.Rxa2 Bxa2 36.Nd2 Nxa4
37.Kf2 Nc3 38.Nf3 Bb3  0-1

[Event "RUS-ch U16"]
[Site "Kazan"]
[Date "1997.??.??"]
[Round "3"]
[White "Ignatiev, Alexander"]
[Black "Boukh, Boris"]
[Result "0-1"]
[WhiteElo "2235"]
[BlackElo "2310"]

1.Nf3 d5 2.g3 c6 3.Bg2 Nf6 4.O-O Bf5 5.b3 e6 6.Bb2 Nbd7 7.d3 h6 8.Nbd2 Bh7
9.c4 Be7 10.e4 dxe4 11.Nxe4 O-O 12.Qe2 a5 13.Ne5 a4 14.Nxd7 Nxd7 15.b4 Bxe4
16.dxe4 Bxb4 17.Bxg7 Kxg7 18.Qb2+ e5 19.Qxb4 Qb6 20.Qe7 Rad8 21.Rfd1 Rfe8
22.Qa3 Nc5 23.Qc3 Qc7 24.Qb4 b6 25.Qc3 Ne6 26.Qb4 Nd4 27.Rab1 b5 28.cxb5 cxb5
29.Bf1 Qc2 30.Bd3 Nf3+ 31.Kg2 Rxd3 32.Rbc1 Qe2 33.Rxd3 Qxd3 34.Rc3 Ne1+ 35.Kg1 Qd4  0-1

[Event "Tavasz"]
[Site "Kecskemet"]
[Date "1997.??.??"]
[Round "2"]
[White "Schnitzspan, Lothar"]
[Black "Varga, Zoltan"]
[Result "1/2-1/2"]
[WhiteElo "2330"]
[BlackElo "2455"]

1.Nf3 d5 2.g3 c6 3.Bg2 Bg4 4.d3 Nd7 5.Nbd2 e5 6.O-O f6 7.e4 d4 8.a4 Nh6 9.Nc4 Nf7
10.Qe1 Nb6 11.b3 Nxc4 12.bxc4 a5 13.Bd2 g5 14.Qb1 b6 15.c3 dxc3 16.Bxc3 Bc5
17.Ra2 Qd6 18.d4 exd4 19.Nxd4 Bxd4 20.Rd2 c5 21.e5 Nxe5 22.Bxa8 Bf3 23.Be4 O-O
24.Bxd4 cxd4 25.Rb2 d3 26.Rxb6 Qd4 27.Bf5 Ba8 28.Rd1 Nf3+ 29.Kf1 Nxh2+ 30.Kg1 Nf3+
31.Kf1 Nh2+ 32.Kg1 Nf3+ 33.Kf1  1/2-1/2

[Event "Klatovy op-A"]
[Site "Klatovy"]
[Date "1997.??.??"]
[Round "?"]
[White "Tadlik, Petr"]
[Black "Chalupecky, V."]
[Result "1/2-1/2"]
[WhiteElo "1880"]
[BlackElo "1910"]

1.Nf3 d5 2.g3 c5 3.Bg2 Nc6 4.d4 cxd4 5.Nxd4 e5 6.Nxc6 bxc6 7.c4 Bb7 8.cxd5 cxd5
9.Nc3 e4 10.O-O f5 11.Qa4+ Qd7 12.Qxd7+ Kxd7 13.Rd1 Ke6 14.Be3 a6 15.f3 Nf6
16.fxe4 dxe4 17.Bd4 Be7 18.h3 Rhd8 19.e3 g5 20.a3 Bd6 21.Ne2 Bc6 22.a4 Rac8
23.Bb6 Rd7 24.Nd4+ Ke5 25.Rf1 Be7 26.Rxf5+ Kd6 27.Rxg5 Nd5 28.Nf5+ Ke6 29.Nxe7 Nxe7
30.h4 Nf5 31.Bh3 Rf8 32.Rf1 Rd5 33.a5 Bd7 34.Rgxf5 Rdxf5 35.Rxf5 Rxf5 36.Bxf5+ Kxf5
37.Kf2 Kg4 38.Bc7 Bb5 39.Bd6 h5 40.b3 Bd3 41.Ke1 Kf3 42.Bf4 Kg4  1/2-1/2

[Event "Klatovy op-A"]
[Site "Klatovy"]
[Date "1997.??.??"]
[Round "?"]
[White "Roj, Miroslav"]
[Black "Pallova, Martina"]
[Result "1-0"]
[WhiteElo "2205"]
[BlackElo "2085"]

1.Nf3 d5 2.g3 c6 3.Bg2 g6 4.O-O Bg7 5.d4 Nh6 6.c3 f6 7.Nbd2 Nf7 8.e4 e5 9.dxe5 fxe5
10.Qb3 O-O 11.Re1 Na6 12.Qc2 Be6 13.b3 Qd7 14.Ba3 Rfe8 15.Nf1 Nc7 16.Rad1 Rad8
17.Ne3 Qc8 18.Bb2 b6 19.h4 dxe4 20.Qxe4 Nd5 21.c4 Nxe3 22.Rxd8 Qxd8 23.Qxe3 Bd7
24.Nd2 Qc8 25.Ne4 Bh3 26.Bh1 Qf5 27.c5 Bh6 28.Qc3 bxc5 29.Qxc5 Re6 30.Qxa7 g5
31.hxg5 Bxg5 32.Qb8+ Kg7 33.Qc7 Bd8 34.Qb8 h5 35.Rd1 Be7 36.Rd3 Bg4 37.Qa7 Qg6
38.Bc1 Bf5 39.Re3 h4 40.a4 c5 41.Qb7 Qh5 42.Bf3 Qh7 43.Rc3 hxg3 44.Nxg3 e4
45.Bg2 Bd6 46.Re3 Bf4 47.Bb2+ Kh6 48.Qd5 Nd6 49.Nxf5+ Qxf5 50.Qxf5  1-0

[Event "Klatovy op-A"]
[Site "Klatovy"]
[Date "1997.??.??"]
[Round "?"]
[White "Eret, Jaroslav"]
[Black "Capek, Ivan"]
[Result "1/2-1/2"]
[WhiteElo "2195"]
[BlackElo "2000"]

1.Nf3 d5 2.g3 Nf6 3.Bg2 Bg4 4.b3 c6 5.Bb2 Nbd7 6.d3 e6 7.Nbd2 Bd6 8.h3 Bh5
9.c4 a5 10.a3 O-O 11.O-O  1/2-1/2

[Event "Klatovy op-B"]
[Site "Klatovy"]
[Date "1997.??.??"]
[Round "?"]
[White "Hadac, Pavel Jr"]
[Black "Prib, Ja"]
[Result "1-0"]
[WhiteElo "1695"]
[BlackElo "1870"]

1.g3 d5 2.Nf3 Bg4 3.Bg2 c6 4.d4 Nf6 5.Nc3 h6 6.O-O Qc8 7.e3 Na6 8.Ne2 g5
9.Ne5 Bh3 10.f4 Bxg2 11.Kxg2 Ne4 12.Ng1 Nf6 13.b3 Nc7 14.c4 gxf4 15.Rxf4 Ne6
16.Rf2 dxc4 17.bxc4 Ng5 18.Qc2 Ng4 19.Nxg4 Qxg4 20.Rb1 O-O-O 21.Rf4 Qd7 22.Qa4 a6
23.h4 Nh7 24.Nf3 f6 25.Nd2 e5 26.Rf3 exd4 27.exd4 Qxd4 28.Qb3 Rd7 29.Rf4 Qe5
30.Ne4 Rg8 31.Nf2 Bd6 32.c5 Rxg3+ 33.Qxg3 Qd5+ 34.Kh2 Bxf4 35.Bxf4 Qxa2 36.Re1 Qf7
37.Ne4 Qa2+ 38.Kg1 Re7 39.Nd6+ Kd8 40.Rxe7 Kxe7 41.Qg7+ Kd8 42.Qh8+ Kd7 43.Qe8+  1-0

[Event "Klatovy op-A"]
[Site "Klatovy"]
[Date "1997.??.??"]
[Round "?"]
[White "Michalek, Jan"]
[Black "Novak, Vladislav"]
[Result "1-0"]
[WhiteElo "2240"]
[BlackElo "1970"]

1.Nf3 d5 2.g3 c5 3.Bg2 Nc6 4.O-O e5 5.d3 Nf6 6.e4 dxe4 7.dxe4 Bg4 8.c3 Qxd1
9.Rxd1 Be7 10.Na3 O-O 11.Re1 a6 12.Nc4 Bxf3 13.Bxf3 b5 14.Nb6 Rab8 15.Nd5 Bd6
16.Nxf6+ gxf6 17.a4 b4 18.Be2 a5 19.Bc4 Rfd8 20.Be3 Kg7 21.g4 Rbc8 22.Bb5 Ne7
23.Red1 h5 24.cxb4 axb4 25.Rd2 Nc6 26.Bxc6 Rxc6 27.gxh5 c4 28.Rd5 Rdc8 29.Kf1 c3
30.b3 Bc5 31.Rxc5 Rxc5 32.Bxc5 Rxc5 33.Ke2 Kh6 34.a5 Kxh5 35.a6 Rc8 36.Kd3 Kg4
37.Ra2 Kf4 38.a7 Ra8 39.Ra6 Rd8+ 40.Kc2 Ra8 41.Rxf6+ Kxe4 42.Rxf7 Kd4 43.h4 Kc5
44.h5 Rd8 45.Kc1 e4 46.h6 e3 47.fxe3 Rg8 48.h7 Re8 49.Rb7  1-0

[Event "Koblenz-ch"]
[Site "Koblenz"]
[Date "1997.??.??"]
[Round "1"]
[White "Ries, Ralf"]
[Black "Saam, Armin"]
[Result "0-1"]
[WhiteElo "1300"]
[BlackElo "1805"]

1.Nf3 d5 2.g3 c5 3.Bg2 Nc6 4.O-O e5 5.d3 Be7 6.Nbd2 Nf6 7.e4 d4 8.Nc4 Qc7
9.Re1 b5 10.Ncd2 O-O 11.b3 Ne8 12.Bb2 Rb8 13.c3 dxc3 14.Bxc3 Nd4 15.Rc1 Qd6
16.Ba1 Be6 17.Nxd4 cxd4 18.Nf3 Nc7 19.Re2 Rfc8 20.Rec2 Na6 21.Qd2 Rc5 22.Rxc5 Nxc5
23.b4 Na4 24.a3 f6 25.Nh4 g6 26.h3 Qd7 27.Kh2 Rc8 28.Nf3 Rc6 29.Bf1 Qc7 30.Rxc6 Qxc6
31.g4 a5 32.Ne1 axb4 33.axb4 Nc3 34.Nc2 Bb3  0-1

[Event "Koblenz-ch"]
[Site "Koblenz"]
[Date "1997.??.??"]
[Round "3"]
[White "Ries, Ralf"]
[Black "Weinmann, Helene"]
[Result "0-1"]
[WhiteElo "1300"]
[BlackElo "1600"]

1.Nf3 d5 2.g3 Nf6 3.Bg2 Bf5 4.d3 e6 5.O-O Be7 6.Nbd2 O-O 7.Re1 Nc6 8.c3 Qd7
9.Qc2 e5 10.e4 dxe4 11.dxe4 Bh3 12.Nc4 Bxg2 13.Kxg2 Qe6 14.Ne3 Rfd8 15.c4 Nd4
16.Qc3 Nxe4 17.Nxd4 Rxd4 18.Qc2 Rad8 19.Nd5 Nf6 20.Be3 Rg4 21.Qe2 Nxd5 22.cxd5 Qxd5+
23.Kg1 Qe6 24.b3 Rg6 25.Rac1 c6 26.Bxa7 f6 27.f4 Bb4 28.Rf1 Rd2 29.Qc4 Qxc4
30.Rxc4 Bd6 31.f5 Rh6 32.Be3 Rhxh2 33.Bxd2 Rxd2 34.Rf2 Rd5 35.a4 Bc5  0-1

[Event "Koge op"]
[Site "Koge"]
[Date "1997.??.??"]
[Round "5"]
[White "Kengis, Edvins"]
[Black "Volzhin, Alexander"]
[Result "1/2-1/2"]
[WhiteElo "2590"]
[BlackElo "2495"]

1.Nf3 d5 2.g3 c6 3.Bg2 Bg4 4.c4 e6 5.b3 Nd7 6.Bb2 Ngf6 7.O-O Bd6 8.d4 O-O
9.Nbd2 Qe7 10.a3 e5 11.cxd5 cxd5 12.dxe5 Nxe5 13.Ra2 Rac8 14.h3 Bd7 15.Re1 Rfe8
16.Bxe5  1/2-1/2

[Event "RUS-ch (Women) sf"]
[Site "Kolontaevo"]
[Date "1997.??.??"]
[Round "?"]
[White "Artamonova, Viktoria"]
[Black "Ovchinikova, Julia"]
[Result "0-1"]
[WhiteElo "2140"]
[BlackElo "2235"]

1.Nf3 d5 2.g3 Nf6 3.Bg2 Nc6 4.O-O e5 5.d3 Be7 6.Nbd2 O-O 7.e4 dxe4 8.dxe4 Bc5
9.c3 a5 10.Qc2 Qe7 11.Nc4 Ng4 12.h3 Be6 13.b3 Bxc4 14.bxc4 Nf6 15.Rb1 b6
16.Qa4 Na7 17.Nh4 g6 18.Bg5 Kg7 19.Rfd1 Rfd8 20.Bxf6+ Qxf6 21.Nf3 c6 22.Qc2 Rab8
23.Ne1 Qe7 24.Nd3 b5 25.Nxc5 Qxc5 26.cxb5 Nxb5 27.Rxd8 Rxd8 28.Rc1 Na3 29.Qe2 Qd6
30.Bf3 Qd2 31.Rd1 Qxd1+ 32.Qxd1 Rxd1+ 33.Bxd1 Nb1 34.c4 Nc3 35.Bb3 Nxe4 36.Bc2 Nc5
37.Kg2 f5 38.Kf3 Kf6 39.Ke3 e4 40.Kd4 Ne6+ 41.Ke3 Ke5 42.Ba4 Nd4 43.Bd1 g5
44.Kd2 Kd6 45.Bh5 f4 46.gxf4 gxf4 47.Kc3 c5 48.Bf7 Ne2+ 49.Kd2 Ng1 50.Bg8 h6
51.Bh7 Ke5  0-1